Beyond the giant: (Record no. 24453)
[ view plain ]
| 000 -LEADER | |
|---|---|
| fixed length control field | 02494nam a22003251 4500 |
| 005 - DATE AND TIME OF LATEST TRANSACTION | |
| control field | 20050808122104.0 |
| 008 - FIXED-LENGTH DATA ELEMENTS--GENERAL INFORMATION | |
| fixed length control field | 721219s1962 nyu 000 0 eng |
| 010 ## - LCCN (DPL NO) | |
| LC control number | B-341269-275 |
| 020 ## - INTERNATIONAL STANDARD BOOK NUMBER | |
| International Standard Book Number | 9788123753331 |
| Terms of availability | 350.00 |
| 035 ## - SYSTEM CONTROL NUMBER | |
| System control number | B-341269-275 |
| 037 ## - SOURCE OF ACQUISITION | |
| Source of stock number/acquisition | North India Publishers & Distributors |
| 040 ## - CATALOGING SOURCE | |
| Original cataloging agency | dpl |
| Language of cataloging | English |
| 082 ## - DEWEY DECIMAL CLASSIFICATION NUMBER | |
| Classification number | 338.47669142 |
| 100 ## - MAIN ENTRY--PERSONAL NAME | |
| Personal name | Pendse, D.R. |
| 245 ## - TITLE STATEMENT | |
| Title | Beyond the giant: |
| Statement of responsibility, etc | by D.R. Pendse |
| Remainder of title | personal insight into the life of JRD Tata / |
| 260 ## - PUBLICATION, DISTRIBUTION, ETC. (IMPRINT) | |
| Place of publication, distribution, etc | New Delhi |
| Name of publisher, distributor, etc | National Book Trust |
| Date of publication, distribution, etc | 2008 |
| 270 ## - ADDRESS | |
| Address | Nehru Bhawan, 5, Institutional Area, Phase-II |
| City | New Delhi |
| Postal code | 110070 |
| 300 ## - PHYSICAL DESCRIPTION | |
| Extent | viii, 280p. : |
| Dimensions | 23 cm (Hb) |
| Other physical details | b&w photos |
| 490 ## - SERIES STATEMENT | |
| Series statement | National biography |
| 500 ## - GENERAL NOTE | |
| General note | include appendix |
| 942 ## - ADDED ENTRY ELEMENTS (KOHA) | |
| Item type | English Books |
| Classification part | 338.47669142 |
| Call number suffix | PEN |
| Source of classification or shelving scheme | Dewey Decimal Classification |
| Withdrawn status | Lost status | Source of classification or shelving scheme | Damaged status | Not for loan | Collection code | Home library | Current library | Date acquired | Source of acquisition | Cost, normal purchase price | Total Checkouts | Full call number | Barcode | Date last seen | Copy number | Cost, replacement price | Koha item type |
|---|---|---|---|---|---|---|---|---|---|---|---|---|---|---|---|---|---|
| Dewey Decimal Classification | Non-fiction | Central Library | Central Library | 26/02/2009 | North India Pub./NIP30/09/10.6.09/52/5.6.09/17.6.09 | 350.00 | 338.47669142 PEN | B-341269 | 26/02/2009 | 1 | 350.00 | English Books | |||||
| Dewey Decimal Classification | Non-fiction | Janak Puri | Janak Puri | 04/11/2009 | North India Pub./NIP30/09/10.6.09/52/5.6.09/17.6.09 | 350.00 | 2 | 338.47669142 PEN | B-341271 | 20/04/2013 | 1 | 350.00 | English Books | ||||
| Dewey Decimal Classification | Non-fiction | Karol Bagh | Karol Bagh | 04/11/2009 | North India Pub./NIP30/09/10.6.09/52/5.6.09/17.6.09 | 350.00 | 338.47669142 PEN | B-341274 | 04/11/2009 | 1 | 350.00 | English Books | |||||
| Dewey Decimal Classification | Non-fiction | Patel Nagar | Patel Nagar | 04/11/2009 | North India Pub./NIP30/09/10.6.09/52/5.6.09/17.6.09 | 350.00 | 338.47669142 PEN | B-341270 | 04/11/2009 | 1 | 350.00 | English Books | |||||
| Dewey Decimal Classification | Non-fiction | Sarojini Nagar | Sarojini Nagar | 04/11/2009 | North India Pub./NIP30/09/10.6.09/52/5.6.09/17.6.09 | 350.00 | 338.47669142 PEN | B-341272 | 04/11/2009 | 1 | 350.00 | English Books | |||||
| Dewey Decimal Classification | Non-fiction | Shahdara Branch | Shahdara Branch | 04/11/2009 | North India Pub./NIP30/09/10.6.09/52/5.6.09/17.6.09 | 350.00 | 338.47669142 PEN | B-341275 | 04/11/2009 | 1 | 350.00 | English Books | |||||
| Dewey Decimal Classification | Non-fiction | Vinoba Puri | Vinoba Puri | 04/11/2009 | North India Pub./NIP30/09/10.6.09/52/5.6.09/17.6.09 | 350.00 | 338.47669142 PEN | B-341273 | 04/11/2009 | 1 | 350.00 | English Books |
